000 01256ngm a22002530a 4500
001 PT35347
003 AR-LpoUNG
005 20210202000444.0
007 vd cvaizq
008 191001s1993||||ag |||||||||||||||||spa d
040 _aAR-LpoUNG
_bspa
_cAR-LpoUNG
_eaacr
041 _aspa
044 _aag
082 0 _a819.3 13imp
100 1 _aEastwood, Clint
_edir.
245 1 4 _aLos imperdonables
260 _aSan Luis :
_bAVH,
_c1993.
300 _aVHS (131 min.) : son., col.
520 _aRelata la historia de William Munny (Clint Eastwood), un pistolero viejo, viudo y acabado, que tiene dificultades para mantener a sus hijos. A pesar de estar retirado de su antigua vida como cruel forajido, se le presenta la oportunidad de sacar adelante a su familia haciendo un último trabajo, acompañado por un viejo socio y un joven e inexperto novato. La misión consiste en matar a dos hombres que le marcaron la cara a una prostituta. En el pueblo de Big Wiskie existe un alguacil llamado Bill quien abusa de su autoridad y es brutal con los forasteros que portan armas. Bill además controla a un grupo de prostitutas y mantiene a todo el pueblo bajo sus excesos.
653 _aACCION
653 _aVIDEOS
905 _a35347
942 _cVIDEO
999 _c54875
_d54875